Statistics for New Zealand Rugby All Blacks - One Test Wonders

Click here to take the quiz!

General Stats

  • This quiz has been taken 161 times
    (2 since last reset)
  • The average score is 9 of 30

Answer Stats

Year Position Player % Correct
2013WingFrank Halai
100%
20181st FiveBrett Cameron
100%
20191st FiveJosh Ioane
100%
2013PropBen Afeaki
50%
2001CentreMark Ranby
50%
2018Midfield BackMatt Proctor
50%
20002nd FiveJason O'Halloran
50%
2015Midfield BackCharlie Ngatai
50%
2009WingLelia Masaga
50%
2018PropTyrel Lomax
50%
2015LockJames Broadhurst
50%
2018Loose ForwardGareth Evans
50%
2004Loose ForwardSteven Bates
50%
2018HalfbackMitchell Drummond
50%
2002Loose ForwardSam Harding
0%
2002Utility BackPaul Steinmetz
0%
2009FlankerGeorge Whitelock
0%
2001LockDion Waller
0%
2013PropJeffery Toomaga-Allen
0%
2005HalfbackKevin Senio
0%
20091st FiveMike Delany
0%
2008LockKevin O'Neill
0%
20061st FiveDavid Hill
0%
2019Outside BackBraydon Ennor
0%
2008PropJamie Mackintosh
0%
2002Utility BackKeith Lowen
0%
2003Utility BackBen Atiga
0%
2002CentreRegan King
0%
2018FlankerDillon Hunt
0%
2005WingSoseni Anesi
0%

Score Distribution

Percentile by Number Answered

Percent of People with Each Score

Your Score History

You have not taken this quiz since the last reset